| 000 | 01410nam a2200313 c 4500 | ||
|---|---|---|---|
| 003 | BLK | ||
| 005 | 20180420232551.0 | ||
| 008 | 180409b bul|||||r ||||||| ||bul|| | ||
| 010 | _aKNG00139268000 | ||
| 040 | _aBLK | ||
| 041 |
_aBUL _cBUL |
||
| 080 |
_aРедакторска работа _b070.4 _x _z070.4 |
||
| 100 | 1 |
_aГеоргиев, Димитър Василев _eпърви автор _9323414 |
|
| 139 |
_aГеоргиев, Димитър Василев _bГ 37 |
||
| 245 | 1 | 0 |
_aРежисура на вестника _bНаблюдения върху някои тенденции в съвр. вестник _cДимитър Василев Георгиев. |
| 257 | _aBGR | ||
| 260 |
_аСофия _bНаука и изкуство _c1972 |
||
| 300 |
_a415 с. _bс ил., факс. _c25 см |
||
| 380 | _a0 | ||
| 500 | _a2 085 тир. - Азб. показалец ; Рез. на рус., нем. и англ. ез. | ||
| 650 | 4 |
_aВестници - редакция и оформление _9267132 |
|
| 650 | 4 |
_aВестници - управление и организация - наръчници и ръководства _9279853 |
|
| 653 | _aвестници | ||
| 852 | _aЦб 65648 | ||
| 856 | 4 |
_qpdf _u |
|
| 856 | 4 |
_qpdf _u |
|
| 942 |
_cKNG _n0 |
||
| 944 |
_aCR _c08.02.2013 _l08.02.2013 - от С1,Р / 08.02.2013 _kРадостина_Карадакова |
||
| 944 |
_aED _c08.02.2013 _l08.02.2013 - от С1,Р / 08.02.2013 _k |
||
| 999 |
_c133374 _d133374 |
||